[Event "23rd ETCC Open 2021"]
[Site "Catez"]
[Date "2021.11.20"]
[Round "8.58"]
[White "Druska, Juraj"]
[Black "Dobrovoljc, Vid"]
[Result "1-0"]
[WhiteElo "2508"]
[BlackElo "2414"]
[Annotator "ChessBase"]
[PlyCount "87"]
[EventDate "2021.11.08"]
[EventType "team-tourn"]
[EventCountry "SLO"]
[SourceTitle "playchess.com"]
[Source "ChessBase"]
[SourceQuality "1"]
[WhiteTeam "Slovakia"]
[BlackTeam "Slovenia"]
[WhiteTeamCountry "SVK"]
[BlackTeamCountry "SLO"]
[TimeControl "40/5400+30:1800+30"]

1. e4 e5 2. Nf3 Nc6 3. Bb5 a6 4. Ba4 Nf6 5. O-O Be7 6. d3 b5 7. Bb3 d6 8. c3
O-O 9. a4 Bd7 10. Bc2 b4 11. a5 Rb8 12. Nbd2 Re8 13. Re1 Bf8 14. Bb3 h6 15. Nh4
Bg4 16. Ndf3 d5 17. h3 Be6 18. Ba4 Qd6 19. Nf5 Bxf5 20. exf5 Nd7 21. d4 e4 22.
Nh2 Na7 23. Re3 Nb5 24. Rg3 Nf6 25. Bxh6 Qd7 26. Ng4 Nh5 27. Ne5 Rxe5 28. Qxh5
Rxf5 29. Qg4 g6 30. Bxf8 Kxf8 31. f3 bxc3 32. bxc3 Qe6 33. fxe4 dxe4 34. Re3
Nd6 35. Bc2 Re8 36. Qe2 Qc4 37. Qxc4 Nxc4 38. Rxe4 Rb8 39. Rh4 Rh5 40. Rxh5
gxh5 41. Bd3 Ne3 42. Bxa6 Nd5 43. Be2 Nxc3 44. Bf3 1-0

[Event "23rd ETCC Open 2021"]
[Site "Catez"]
[Date "2021.11.20"]
[Round "8.59"]
[White "Brilej, Jaka"]
[Black "Petenyi, Tamas"]
[Result "1/2-1/2"]
[WhiteElo "2341"]
[BlackElo "2458"]
[Annotator "ChessBase"]
[PlyCount "118"]
[EventDate "2021.11.08"]
[EventType "team-tourn"]
[EventCountry "SLO"]
[SourceTitle "playchess.com"]
[Source "ChessBase"]
[SourceQuality "1"]
[WhiteTeam "Slovenia"]
[BlackTeam "Slovakia"]
[WhiteTeamCountry "SLO"]
[BlackTeamCountry "SVK"]
[TimeControl "40/5400+30:1800+30"]

1. e4 c6 2. Nf3 d6 3. d4 Nf6 4. Nc3 Bg4 5. Be3 Nbd7 6. h3 Bxf3 7. Qxf3 g6 8.
Be2 Bg7 9. O-O O-O 10. Qg3 e5 11. dxe5 dxe5 12. Rad1 Qe7 13. a3 Nc5 14. Bxc5
Qxc5 15. Rd3 Rfd8 16. Rfd1 Rd4 17. Qe3 Nd7 18. R3d2 Nb6 19. Na2 Qf8 20. g4 Qe7
21. c3 Rxd2 22. Qxd2 Qh4 23. Kg2 Bf8 24. Nb4 Bc5 25. Nd3 Nc4 26. Qc1 Bb6 27.
Bf3 Rd8 28. Qc2 Kg7 29. a4 f6 30. b3 Nd6 31. a5 Bc7 32. Nc5 Re8 33. Nxb7 Nxb7
34. Rd7+ Kf8 35. Rxc7 Nd8 36. Qd2 Ne6 37. Qd6+ Kg8 38. Qd7 Nxc7 39. Qxc7 Qh6
40. Qxa7 Qf8 41. b4 Qd6 42. a6 Re7 43. Qb6 Qc7 44. Qxc7 Rxc7 45. c4 Ra7 46. b5
g5 47. Kf1 c5 48. Ke2 Kf8 49. Kd3 Ke7 50. Kc3 Kd6 51. Bd1 Kc7 52. Be2 Kb6 53.
Bd1 Rd7 54. Be2 Rd4 55. Bd3 h6 56. Bc2 Rd7 57. Bd3 Rh7 58. Be2 Rd7 59. Bd3 Rh7
1/2-1/2

[Event "23rd ETCC Open 2021"]
[Site "Catez"]
[Date "2021.11.20"]
[Round "8.60"]
[White "Sahidi, Samir"]
[Black "Stevanic, David"]
[Result "1-0"]
[WhiteElo "2432"]
[BlackElo "2318"]
[Annotator "NA"]
[PlyCount "77"]
[EventDate "2021.11.08"]
[EventType "team-tourn"]
[EventCountry "SLO"]
[SourceTitle "playchess.com"]
[Source "ChessBase"]
[SourceQuality "1"]
[WhiteTeam "Slovakia"]
[BlackTeam "Slovenia"]
[WhiteTeamCountry "SVK"]
[BlackTeamCountry "SLO"]
[TimeControl "40/5400+30:1800+30"]

1. d4 Nf6 2. c4 g6 3. Nc3 Bg7 4. e4 d6 5. Nf3 O-O 6. Be2 e5 7. O-O exd4 8. Nxd4
Re8 9. f3 Nc6 10. Be3 Nh5 11. f4 Nf6 12. Bf3 Bd7 13. Nc2 a5 14. c5 Nb4 15. cxd6
cxd6 16. Re1 Bg4 17. Nd4 Bxf3 18. Qxf3 Qc8 19. Rad1 Ng4 20. Ndb5 Ra6 21. Re2 d5
22. e5 Nxe3 23. Qxe3 f6 24. a3 d4 25. Qxd4 fxe5 26. fxe5 Nc6 27. Qd5+ Kh8 28.
Nd6 Qe6 29. Nxe8 Qxe8 30. Nb5 Qe7 31. Nd6 Nxe5 32. Rxe5 Bxe5 33. Qxe5+ Qxe5 34.
Nf7+ Kg7 35. Nxe5 Kf6 36. Nc4 b5 37. Rd6+ Rxd6 38. Nxd6 b4 39. Nc4 1-0

[Event "23rd ETCC Open 2021"]
[Site "Catez"]
[Date "2021.11.20"]
[Round "8.61"]
[White "Laurusas, Tomas"]
[Black "Kanyamarala, Tarun"]
[Result "1-0"]
[WhiteElo "2553"]
[BlackElo "2321"]
[Annotator "TA"]
[PlyCount "127"]
[EventDate "2021.11.08"]
[EventType "team-tourn"]
[EventCountry "SLO"]
[SourceTitle "playchess.com"]
[Source "ChessBase"]
[SourceQuality "1"]
[WhiteTeam "Lithuania"]
[BlackTeam "Ireland"]
[WhiteTeamCountry "LTU"]
[BlackTeamCountry "IRL"]

{[%evp 17,127,16,8,0,42,36,46,44,35,34,32,31,32,25,74,74,81,45,87,88,86,84,85,
77,79,79,79,79,84,77,80,60,75,0,92,80,87,69,84,81,82,82,89,82,97,78,79,0,96,86,
87,89,89,81,92,93,98,97,97,93,95,99,145,124,145,128,137,127,132,129,153,153,
138,135,124,123,143,139,152,144,146,173,154,167,476,468,443,425,5383,5289,4134,
4048,3853,3761,8993,6534,29973,29973,29973,29975,29976,29972,29982,29983,29983,
29984,29984,29985,29985,29986,29989,29986]} 1. d4 Nf6 2. c4 e6 3. Nf3 d5 4. Nc3
Bb4 5. Bg5 h6 6. Bxf6 Qxf6 7. e3 O-O 8. Qb3 c5 9. cxd5 exd5 10. dxc5 {D38:
Queen's Gambit Declined: Ragozin Defence (4 Nf3 Bb4).} Nc6 (10... Bxc3+ $5 11.
Qxc3 Qxc3+ 12. bxc3 Be6 $11) 11. Bb5 d4 {[%mdl 64] Pin} 12. Bxc6 {White is
slightly better.} dxc3 13. Qxb4 cxb2 14. Rb1 {Black must now prevent Be4.} Qxc6
15. O-O {[#]} b6 $146 ({Predecessor:} 15... Be6 16. Nd4 Qe4 17. Qa3 Bd5 18. f3
Qe5 19. Rxb2 Rfe8 20. Rd1 f5 21. Rbd2 Bf7 {1/2-1/2 (75) Miedema,D (2397)
-Donchenko,A (2612) Riga 2018}) 16. cxb6 $1 ({Much weaker is} 16. Rxb2 bxc5 17.
Qa5 Ba6 $11) (16. Qxb2 Qxc5 17. Rfc1 Qe7 $11) 16... axb6 17. Nd4 Qd5 18. Rxb2
Bb7 {[%csl Gb7][%cal Rd5g2]} 19. f3 Rxa2 20. Qxb6 Rxb2 21. Qxb2 Qe5 22. Re1 Rb8
{Black wants to play ...Bxf3.} 23. Qf2 Rd8 24. Qh4 Rd6 25. Qf2 (25. Qg4 $16)
25... Rd7 (25... Rd8 $1 $11 {keeps the balance.}) 26. Rc1 Rc7 27. Qd2 Rd7 28.
Rc3 Qg5 29. Qc1 Re7 30. Qa3 Qh4 {[%cal Rh4e1]} 31. Rc1 Qg5 32. Rc3 Qh4 $1 {
[%cal Rh4e1]} 33. Qa1 {aiming for Nf5!} Qg5 34. Qc1 $36 {[%mdl 2048] Black is
under strong pressure.} Qe5 35. Qc2 Re8 36. Qf5 Qxf5 37. Nxf5 $16 {[%mdl 4096]
Endgame KRB-KRN} Bd5 38. Kf2 Be6 39. Nd4 Rd8 40. h4 Rd5 41. Ra3 Kf8 42. Ra7 Bd7
43. g4 f5 44. gxf5 Bxf5 45. Kg3 Bd7 46. Kf4 {Threatens to win with Ke4.} Ke8
47. Ke4 Rh5 {[#]} 48. f4 $1 g6 49. Ra6 Kf7 {[#]} 50. Nf3 $1 {[%cal Rf3e5] And
now Ne5+ would win.} Be8 $2 (50... Bc8 51. Ra7+ Kf6) 51. Ne5+ $18 Kg7 52. Re6
Kf8 (52... Ba4 $142 53. Rxg6+ Kh7) 53. Nxg6+ Bxg6+ 54. Rxg6 Rxh4 {KR-KR} 55.
Ke5 Kf7 56. Ra6 Rh1 57. f5 {White mates.} h5 58. Ra7+ Kg8 59. e4 h4 60. Kf6 Re1
61. e5 h3 62. Ra8+ Kh7 63. Ra4 Re3 64. Rg4 {Weighted Error Value: White=0.07/
Black=0.28} 1-0

[Event "23rd ETCC Open 2021"]
[Site "Catez"]
[Date "2021.11.20"]
[Round "8.62"]
[White "Jessel, Stephen"]
[Black "Kazakouski, Valery"]
[Result "0-1"]
[WhiteElo "2297"]
[BlackElo "2490"]
[Annotator "TA"]
[PlyCount "194"]
[EventDate "2021.11.08"]
[EventType "team-tourn"]
[EventCountry "SLO"]
[SourceTitle "playchess.com"]
[Source "ChessBase"]
[SourceQuality "1"]
[WhiteTeam "Ireland"]
[BlackTeam "Lithuania"]
[WhiteTeamCountry "IRL"]
[BlackTeamCountry "LTU"]

{[%evp 9,194,0,0,0,0,4,19,-2,2,-25,5,14,18,14,12,-31,3,0,9,-5,0,-31,0,-17,-10,
-62,-49,-74,-81,-81,-120,-227,-210,-218,-227,-227,-242,-221,-225,-425,-419,
-584,-573,-573,-551,-684,-674,-658,-360,-339,-199,-197,-181,-280,-227,-351,
-319,-365,-265,-258,-245,-395,-386,-394,-387,-375,-374,-372,-323,-291,-191,
-324,-328,-302,-303,-289,-289,-289,-216,-215,17,14,12,0,0,0,91,-202,-170,-211,
-219,-269,-253,-263,-260,-256,-247,-240,-239,-289,-273,-452,-429,-579,-547,
-605,-569,-499,-479,-29974,-29974,-29976,-11353,-29981,-29981,-29981,-29974,
-29973,-358,-29974,-29976,-29973,-29977,-29977,-29978,-29978,-29978,-29979,
-29980,-29980,-29981,-29981,-29982,-29982,-29983,-29984,0,0,0,0,0,0,0,-999,
-947,-465,0,-29980,-29981,-29981,8,-29978,-29979,-29983,-29984,-29984,-29985,
-29985,-29986,-29986,-29987,-29989,-29990,-29990,-29991,-29991,-29992,-29992,
-29993,-29993,-29991,-29991,-29992,-29992,-29993,-29993,-29994,-29994,-29992,
-29992,-29993,-29993,-29992,-29997,-29998,-29998,-29999]} 1. Nf3 Nf6 2. c4 e6
3. g3 d5 4. Bg2 dxc4 5. O-O c6 6. a4 {A13: English Opening: 1...e6.} Na6 7. Na3
Bxa3 8. Rxa3 {The position is equal.} O-O {[#]} 9. a5 $146 ({Predecessor:} 9.
Qc2 Qd5 10. Re3 Nb4 11. Qc3 Na2 12. Qa3 Nxc1 13. Rxc1 Rd8 14. d4 cxd3 15. Rxd3
{1-0 (27) Aronian,L (2785)-Bok,B (2598) Doha 2016}) 9... Qd5 10. b3 cxb3 11.
Bb2 Rd8 12. d3 Qh5 13. Qa1 Ne8 $1 14. Rxb3 f6 15. d4 Nd6 16. Rc1 Bd7 17. e3 (
17. Ba3 $11 Nb5 18. e4) 17... c5 $15 18. Ne1 Bc6 19. Bxc6 bxc6 20. Nd3 (20. Ba3
$17) 20... c4 $1 $19 {[%cal Rc4b3][%mdl 64] Double Attack} 21. Nf4 Qf3 22. Ra3
Ne4 23. Rf1 Rab8 24. Bc3 $2 (24. Qc1) 24... Nc7 25. Ra4 g5 26. Ng2 Nd5 27. Rxc4
Qe2 (27... Ndxc3 $2 28. Rxc3 Nxc3 29. Qxc3 $19) 28. Rxc6 Qb5 (28... Nexc3 29.
Rxc3 Nxc3 30. Qxc3 $17) 29. Rc5 Nxc5 (29... Qd3 $142 30. Bb2 Nd2) 30. dxc5 Kf7
(30... Qxc5 31. Bxf6 Nxf6 32. Qxf6 $17) 31. Rc1 (31. h4 {was necessary.}) 31...
Rbc8 32. e4 (32. Be1 {keeps fighting.}) 32... Nxc3 33. Qxc3 Qd3 34. Qb4 Qd2 35.
Qb7+ (35. Qc4 $142) 35... Rd7 36. Qb1 {[#]} Rb8 $3 {[%mdl 512]} 37. Qa1 Rb2 38.
Rf1 {Now Ne3 and White clings on.} Rc7 39. Qa3 Qb4 40. Qf3 (40. Qd3 $142) 40...
Rb1 (40... Qxc5 41. Qh5+ Kg7 42. Ne3 $17) 41. Ne3 {intending e5.} Rxf1+ (41...
Rxc5 42. Rxb1 Qxb1+ 43. Kg2 $19) 42. Kxf1 {[%mdl 4096] Endgame KQR-KQN} Kg6 (
42... Qxc5 43. Qh5+ Kg8 44. Qe8+ Kg7 45. Qxe6 $19) 43. Qg4 Qb1+ (43... Qxc5 44.
Qxe6 Qe5 45. Qg8+ Rg7 46. Qc4 $11) 44. Kg2 f5 $2 {[#]} (44... Qb3 $19 {Hoping
for ...h5.} 45. h4 h5) 45. Nxf5 $1 $11 Rxc5 ({Don't blunder} 45... exf5 $2 46.
Qxf5+ Kg7 47. Qxg5+ (47. Qe5+ Kf8 $16) 47... Kf7 48. Qf4+ Kg8 49. Qxc7 $18) 46.
Nh4+ {[%mdl 64] Discovered Attack} Kf7 (46... Kf6 $5 47. Nf3 $8 h5 48. e5+ Rxe5
49. Qxh5 Rxa5 $11) 47. Nf3 Qb5 (47... Rxa5 $11 48. Nxg5+ Rxg5 49. Qxg5 Qxe4+
50. Kf1 Qf5) 48. e5 $2 {[%mdl 8192]} ({But not} 48. Nd4 $6 Qd7 $15) (48. Qh3
$16) 48... h6 $36 {[%mdl 2048] Black is in control.} 49. h4 {[#]} Rc1 $1 50.
Nxg5+ hxg5 51. Qh5+ Kf8 52. Qh6+ Ke8 53. Qxe6+ Kd8 54. Qf6+ Kc8 55. Qf8+ $2 (
55. Qe6+ {was the only chance.} Qd7 56. Qg8+ Kb7 57. a6+ Kb6 58. Qxg5 Qd5+ 59.
Kh3) 55... Kb7 56. Qe7+ Ka6 {( -> ...Qf1+)} 57. Qf6+ Kxa5 {aiming for ...Qf1+.}
58. Qd8+ Ka6 {And now ...Qf1+ would win.} 59. Qd6+ (59. Qf6+ $19 Ka5 60. Qd8+
Ka4 61. Qd4+ Kb3 62. Qe3+ Rc3 63. Qxg5) 59... Qc6+ 60. Qxc6+ Rxc6 61. hxg5 {
KR-KP} Kb7 62. f4 a5 63. f5 a4 $2 (63... Kc7 64. g6 Kd7 65. g4 a4 66. Kg3 a3
67. e6+ Kd6 68. e7 Kxe7 69. g7 Rc8 70. g5 a2 71. Kg4 Rc4+ 72. Kh5 Kf7 73. g8=R
a1=Q 74. Rf8+ Kxf8 75. f6 Qh1+ 76. Kg6 Qb1+ 77. Kh6 Rh4#) 64. g6 $2 (64. f6 $19
a3 65. f7) 64... a3 65. g7 Rc8 66. f6 a2 67. f7 a1=Q 68. f8=Q Qa2+ 69. Kh3 Qe6+
{[%mdl 64] Double Attack} 70. Kg2 Rc2+ 71. Kf3 Qc6+ 72. Kf4 Rf2+ $2 (72... Qh6+
73. Kf3 Qh5+ {[%mdl 64] Double Attack} 74. Ke4 Qg6+ 75. Qf5 Re2+ 76. Kf3 Qxf5+
77. Kxe2 Qxe5+ {[%mdl 64] Double Attack} 78. Kf2 Qxg7 79. Kf3 Kc6 80. g4 Kd5
81. Kf4 Qe5+ 82. Kf3 Qg5 83. Kg2 Qxg4+ 84. Kf2 Ke4 85. Ke1 Qg2 86. Kd1 Kd3 87.
Ke1 Qg1#) 73. Kg5 $11 Qc1+ 74. Kg6 Qc2+ 75. Kg5 Qd2+ 76. Kg6 $2 {[%mdl 8192]
Black converts the advantage convincingly.} (76. Kg4 $11 Qe2+ {[%mdl 64]
Double Attack} 77. Kg5 Qd2+ 78. Kg4 Qe2+ {[%mdl 64] Double Attack} 79. Kg5 Qe3+
80. Kg4 Qe4+ 81. Kg5 Qxe5+ 82. Kg4) 76... Qd3+ $19 {[%mdl 64] Double Attack}
77. Kh5 Qe2+ $2 (77... Rh2+ $19 78. Kg4 Qd4+ {[%mdl 64] Double Attack} 79. Qf4
(79. Kf5 Rh5+ 80. Kg6 Qg4+ {[%mdl 64] Double Attack} 81. Kf7 Rf5+ 82. Kg8 Rxf8+
83. Kxf8 Qf5+ 84. Ke8 Qxe5+ 85. Kf8 Qf5+ 86. Ke8 Qe5+ 87. Kf7 Qf5+ 88. Ke8 Qg6+
89. Kf8 Qf6+ 90. Kg8 Kc6 91. g4 Kd6 92. Kh7 Qh4+ 93. Kg6 Qxg4+ 94. Kf6 Qe6+ 95.
Kg5 Ke5 96. Kh4 Kf4 97. Kh5 Qf7+ 98. Kh6 Kf5 99. g8=Q Qxg8 100. Kh5 Qh8#) 79...
Qd7+ {[%mdl 64] Double Attack} 80. e6 Qxg7+ 81. Kf3 Kc6 82. Qc4+ Kd6 83. Qa6+
Kd5) 78. Kh6 $2 {[%mdl 8192]} (78. Kg5 $11 Qxe5+ 79. Kg4) 78... Rh2+ 79. Kg6
Qe4+ $2 (79... Qh5+ {mates} 80. Kf6 Rf2+ 81. Ke6 Qg4+ {[%mdl 64] Double Attack}
82. Kd6 Qd4+ 83. Ke6 Qc4+ 84. Kd7 Qc6+ 85. Kd8 Qc8+ 86. Ke7 Qc5+ 87. Ke8 Qc8+
88. Ke7 Qc5+ 89. Ke6 Rxf8 90. gxf8=N Qxf8 91. Kd5 Qf3+ 92. Kc5 Qxg3 93. Kd6 Kb6
94. Kd5 Qd3+ 95. Ke6 Kc6 96. Kf6 Kd5 97. e6 Qf3+ 98. Kg6 Kxe6 99. Kh7 Qg3 100.
Kh8 Kf7 101. Kh7 Qh4#) 80. Kf7 $2 {[%mdl 8192]} (80. Qf5 $11 Rh6+ 81. Kxh6 Qxf5
82. g8=Q Qh3+ 83. Kg7 Qxg3+ {[%mdl 64] Double Attack} 84. Kh8 Qxe5+ 85. Qg7+
Qxg7+ 86. Kxg7) 80... Rf2+ {Black mates.} 81. Ke6 Qc4+ 82. Ke7 Qc5+ 83. Ke8
Qb5+ 84. Kd8 {[#]} Rd2+ $1 85. Ke7 Qxe5+ {[%mdl 64] Double Attack} 86. Kf7 Rf2+
87. Kg6 Qxg3+ 88. Kh7 Qh3+ 89. Kg6 Qg4+ 90. Kh7 Qh5+ 91. Kg8 Qd5+ 92. Kh7 Rh2+
93. Kg6 Qh5+ 94. Kf6 Rf2+ 95. Ke6 Qh6+ 96. Ke7 Re2+ 97. Kd7 Qc6+ {Weighted
Error Value: White=0.62/Black=0.26} 0-1

[Event "23rd ETCC Open 2021"]
[Site "Catez"]
[Date "2021.11.20"]
[Round "8.63"]
[White "Klabis, Rokas"]
[Black "Nemeth, Zalan"]
[Result "1-0"]
[WhiteElo "2353"]
[BlackElo "2163"]
[Annotator "NA"]
[PlyCount "53"]
[EventDate "2021.11.08"]
[EventType "team-tourn"]
[EventCountry "SLO"]
[SourceTitle "playchess.com"]
[Source "ChessBase"]
[SourceQuality "1"]
[WhiteTeam "Lithuania"]
[BlackTeam "Ireland"]
[WhiteTeamCountry "LTU"]
[BlackTeamCountry "IRL"]
[TimeControl "40/5400+30:1800+30"]

1. e4 b6 2. d4 Bb7 3. Bd3 e6 4. Nf3 d5 5. exd5 Qxd5 6. Nc3 Qd8 7. Qe2 Nf6 8.
O-O Nbd7 9. Bf4 Bd6 10. Ne5 O-O 11. Rad1 h6 12. Rfe1 Nd5 13. Nxd5 exd5 14. Bxh6
Bxe5 15. dxe5 gxh6 16. Qg4+ Qg5 17. Qxd7 Rae8 18. Re3 Kh8 19. h4 Qg7 20. Rde1
Rg8 21. Rg3 Qf8 22. Rxg8+ Kxg8 23. Re3 Kh8 24. Qf5 Qg7 25. Rg3 Bc8 26. Qf4 Qf8
27. Qf6+ 1-0

[Event "23rd ETCC Open 2021"]
[Site "Catez"]
[Date "2021.11.20"]
[Round "8.64"]
[White "Kanyamarala, Trisha"]
[Black "Brazdzionis, Andrius"]
[Result "0-1"]
[WhiteElo "2089"]
[BlackElo "2356"]
[Annotator "NA"]
[PlyCount "200"]
[EventDate "2021.11.08"]
[EventType "team-tourn"]
[EventCountry "SLO"]
[SourceTitle "playchess.com"]
[Source "ChessBase"]
[SourceQuality "1"]
[WhiteTeam "Ireland"]
[BlackTeam "Lithuania"]
[WhiteTeamCountry "IRL"]
[BlackTeamCountry "LTU"]
[TimeControl "40/5400+30:1800+30"]

1. d4 Nf6 2. c4 e6 3. Nc3 Bb4 4. e3 O-O 5. Bd2 d5 6. Nf3 b6 7. cxd5 exd5 8. Bd3
Bd6 9. O-O Re8 10. Qb1 c5 11. e4 cxd4 12. Nxd5 Nxd5 13. exd5 h6 14. Nxd4 Bxh2+
15. Kxh2 Qh4+ 16. Kg1 Qxd4 17. Bc3 Qxd5 18. Re1 Re6 19. Be4 Rxe4 20. Qxe4 Qxe4
21. Rxe4 Be6 22. Rd1 Nc6 23. a3 Rc8 24. f4 Rc7 25. Kf2 Ne7 26. Red4 Kh7 27. Rd8
h5 28. Rh1 Kg6 29. Rhd1 Nf5 30. g3 f6 31. Re1 Bb3 32. Ree8 Ba4 33. Re4 Bc2 34.
Re1 Ba4 35. Rg1 Nh6 36. Ke2 Bd7 37. Ke3 Nf7 38. Rb8 Bg4 39. Re1 Nd6 40. Rd8
Nf5+ 41. Kf2 Rc4 42. Rh1 Re4 43. Re1 Rc4 44. Ree8 h4 45. gxh4 Rxf4+ 46. Ke1
Nxh4 47. Kd2 Rf1 48. Kc2 Nf5 49. Ra8 Nd6 50. Re7 a5 51. Rb8 a4 52. Rg8 Nf5 53.
Rb7 Bd1+ 54. Kd2 Bf3 55. Rgxg7+ Nxg7 56. Rxb6 Bd5 57. b4 axb3 58. a4 Nh5 59. a5
Ng3 60. Bd4 Ne4+ 61. Ke3 Ng5 62. a6 Ne6 63. Bc3 Rf3+ 64. Kd2 Nc5 65. Ba1 Rf2+
66. Ke3 Ra2 67. Bxf6 Rxa6 68. Rxa6 Nxa6 69. Bh8 Kf5 70. Kd2 Nc5 71. Bd4 Na4 72.
Bg7 Be4 73. Bh8 b2 74. Bxb2 Nxb2 75. Kc3 Nd3 76. Kd4 Kf4 77. Kc4 Ke5 78. Kc3
Kd5 79. Kb3 Kd4 80. Ka2 Kc3 81. Ka1 Bd5 82. Kb1 Bc4 83. Ka1 Ne1 84. Kb1 Nc2 85.
Kc1 Ba2 86. Kd1 Nd4 87. Kc1 Ne2+ 88. Kd1 Kd3 89. Ke1 Ke3 90. Kd1 Bb3+ 91. Ke1
Bc2 92. Kf1 Nf4 93. Kg1 Kf3 94. Kf1 Ng2 95. Kg1 Kg3 96. Kh1 Bd3 97. Kg1 Be2 98.
Kh1 Nf4 99. Kg1 Nh3+ 100. Kh1 Bf3# 0-1

[Event "23rd ETCC Open 2021"]
[Site "Catez"]
[Date "2021.11.20"]
[Round "8.65"]
[White "Pancevski, Filip"]
[Black "Dardha, Daniel"]
[Result "1/2-1/2"]
[WhiteElo "2490"]
[BlackElo "2525"]
[Annotator "ChessBase"]
[PlyCount "91"]
[EventDate "2021.11.08"]
[EventType "team-tourn"]
[EventCountry "SLO"]
[SourceTitle "playchess.com"]
[Source "ChessBase"]
[SourceQuality "1"]
[WhiteTeam "Macedonia"]
[BlackTeam "Belgium"]
[WhiteTeamCountry "MKD"]
[BlackTeamCountry "BEL"]
[TimeControl "40/5400+30:1800+30"]

1. e4 c5 2. Nf3 Nc6 3. Nc3 e5 4. Bc4 Be7 5. d3 d6 6. Nd2 Nf6 7. Nf1 Bg4 8. f3
Be6 9. Ne3 O-O 10. O-O a6 11. a4 Nb4 12. Kh1 d5 13. exd5 Nfxd5 14. Nexd5 Nxd5
15. Qe1 Qd6 16. Nxd5 Bxd5 17. Bxd5 Qxd5 18. Qe4 Rfd8 19. Be3 Rac8 20. b3 b6 21.
Kg1 Rd7 22. Rfd1 Bf8 23. Kf1 Rcd8 24. Qxd5 Rxd5 25. Ke2 R5d7 26. Bd2 f6 27.
Rab1 Rc8 28. f4 Re8 29. Kf3 b5 30. axb5 axb5 31. fxe5 Rxe5 32. Bf4 Rf5 33. g4
Rfd5 34. Re1 h5 35. h3 Bd6 36. Bxd6 R7xd6 37. Ra1 Rg5 38. Ra7 hxg4+ 39. hxg4 f5
40. Re8+ Kh7 41. gxf5 Rxf5+ 42. Ke3 Rg6 43. Ree7 Rg3+ 44. Ke4 Rf2 45. c4 bxc4
46. bxc4 1/2-1/2

[Event "23rd ETCC Open 2021"]
[Site "Catez"]
[Date "2021.11.20"]
[Round "8.66"]
[White "Docx, Stefan"]
[Black "Nikolovski, Nikola"]
[Result "1/2-1/2"]
[WhiteElo "2432"]
[BlackElo "2401"]
[Annotator "ChessBase"]
[PlyCount "170"]
[EventDate "2021.11.08"]
[EventType "team-tourn"]
[EventCountry "SLO"]
[SourceTitle "playchess.com"]
[Source "ChessBase"]
[SourceQuality "1"]
[WhiteTeam "Belgium"]
[BlackTeam "Macedonia"]
[WhiteTeamCountry "BEL"]
[BlackTeamCountry "MKD"]
[TimeControl "40/5400+30:1800+30"]

1. d4 e6 2. c4 f5 3. g3 Nf6 4. Bg2 Be7 5. Nf3 O-O 6. O-O d6 7. Nc3 Ne4 8. Nxe4
fxe4 9. Ne1 d5 10. Be3 Nc6 11. Rc1 Na5 12. c5 Bd7 13. b3 b6 14. b4 Nc6 15. Qd2
Be8 16. Nc2 a5 17. a3 axb4 18. axb4 bxc5 19. dxc5 e5 20. b5 Na5 21. Qb4 Bg6 22.
Ra1 Nb7 23. Rxa8 Qxa8 24. Ra1 Qb8 25. b6 d4 26. bxc7 Qxc7 27. Ra7 Rb8 28. Nxd4
Qxc5 29. Qb3+ Bf7 30. Rxb7 Rxb7 31. Qxb7 exd4 32. Bxd4 Qxd4 33. Qxe7 Qd1+ 34.
Bf1 Qd5 35. Qh4 h6 36. Qf4 Bg6 37. h4 Kh7 38. Qe3 Qf5 39. Bg2 Kh8 40. Kh2 Qd5
41. Qf4 Kh7 42. f3 exf3 43. Bxf3 Qc5 44. Kg2 Bf5 45. g4 Bc2 46. Qd2 Bg6 47. h5
Bb1 48. Qb2 Bc2 49. Qc1 Qc4 50. Qe3 Bb1 51. Qe5 Bc2 52. Kg3 Qb4 53. Bd5 Qe1+
54. Kg2 Bd3 55. Bf3 Bc2 56. Qe6 Qb4 57. Bd5 Qb8 58. e4 Kh8 59. Qe7 Bb1 60. Kf3
Bc2 61. e5 Qc8 62. Qb4 Qd8 63. Qd6 Qc8 64. Qb4 Qd8 65. Qc5 Bh7 66. Qd6 Qc8 67.
Qc6 Qf8+ 68. Kg2 Qb8 69. e6 Qb2+ 70. Kh3 Qa3+ 71. Kh4 g5+ 72. hxg6 Qe7+ 73. Kg3
Bxg6 74. Qd7 Qf6 75. Qc8+ Kg7 76. Qc7+ Kf8 77. Qd6+ Kg7 78. Bf3 Bf7 79. Bd5
Qc3+ 80. Bf3 Qf6 81. Bd5 Qc3+ 82. Kf2 Qd2+ 83. Kf3 Qd3+ 84. Kf4 Qd4+ 85. Kf3
Qd3+ 1/2-1/2

[Event "23rd ETCC Open 2021"]
[Site "Catez"]
[Date "2021.11.20"]
[Round "8.67"]
[White "Risteski, Emil"]
[Black "Verstraeten, Rein"]
[Result "1-0"]
[WhiteElo "2315"]
[BlackElo "2386"]
[Annotator "NA"]
[PlyCount "61"]
[EventDate "2021.11.08"]
[EventType "team-tourn"]
[EventCountry "SLO"]
[SourceTitle "playchess.com"]
[Source "ChessBase"]
[SourceQuality "1"]
[WhiteTeam "Macedonia"]
[BlackTeam "Belgium"]
[WhiteTeamCountry "MKD"]
[BlackTeamCountry "BEL"]
[TimeControl "40/5400+30:1800+30"]

1. e4 c5 2. Nf3 d6 3. d4 Nf6 4. Nc3 cxd4 5. Nxd4 a6 6. h3 e5 7. Nb3 Be6 8. Be3
Be7 9. Qf3 Nbd7 10. g4 Nb6 11. g5 Nfd7 12. h4 Rc8 13. Bh3 Nc4 14. O-O-O Nxe3
15. fxe3 Rxc3 16. bxc3 a5 17. Bxe6 fxe6 18. Rhf1 Qc7 19. Qf7+ Kd8 20. Qxe6 a4
21. Rf7 Re8 22. Nd2 Qxc3 23. Qc4 Qa3+ 24. Kb1 Nc5 25. Qb5 Qxe3 26. Nc4 Qe2 27.
Rxd6+ Bxd6 28. Qb6+ Kc8 29. Nxd6+ Kb8 30. Rxb7+ Nxb7 31. Qxb7# 1-0

[Event "23rd ETCC Open 2021"]
[Site "Catez"]
[Date "2021.11.20"]
[Round "8.68"]
[White "Hovhannisyan, Mher"]
[Black "Mihov, Filip"]
[Result "1-0"]
[WhiteElo "2419"]
[BlackElo "2255"]
[Annotator "NA"]
[PlyCount "79"]
[EventDate "2021.11.08"]
[EventType "team-tourn"]
[EventCountry "SLO"]
[SourceTitle "playchess.com"]
[Source "ChessBase"]
[SourceQuality "1"]
[WhiteTeam "Belgium"]
[BlackTeam "Macedonia"]
[WhiteTeamCountry "BEL"]
[BlackTeamCountry "MKD"]
[TimeControl "40/5400+30:1800+30"]

1. Nf3 d6 2. d4 f5 3. e3 Nf6 4. c4 g6 5. Nc3 Bg7 6. Be2 O-O 7. b4 c6 8. Bb2 Na6
9. b5 Nc7 10. bxc6 bxc6 11. O-O h6 12. Qa4 g5 13. c5 g4 14. cxd6 exd6 15. Nh4
Bd7 16. Ng6 Re8 17. Nf4 Ne6 18. Nxe6 Rxe6 19. Qc2 Ne8 20. d5 cxd5 21. Nxd5 Rc8
22. Qd2 Nf6 23. Nxf6+ Bxf6 24. Rac1 Kg7 25. Bd4 a5 26. Rxc8 Bxc8 27. Bc4 Re8
28. Bxf6+ Qxf6 29. Qxa5 Be6 30. Bxe6 Qxe6 31. g3 Rc8 32. Qa7+ Kg6 33. Rd1 Rc2
34. Qb6 Kf7 35. a4 Qe4 36. Qxd6 Qxa4 37. Qd5+ Kf6 38. Qd8+ Ke6 39. Rd6+ Kf7 40.
Rf6+ 1-0

[Event "23rd ETCC Open 2021"]
[Site "Catez"]
[Date "2021.11.20"]
[Round "8.69"]
[White "Tate, Alan"]
[Black "Mehmeti, Dritan"]
[Result "1/2-1/2"]
[WhiteElo "2342"]
[BlackElo "2391"]
[Annotator "NA"]
[PlyCount "62"]
[EventDate "2021.11.08"]
[EventType "team-tourn"]
[EventCountry "SLO"]
[SourceTitle "playchess.com"]
[Source "ChessBase"]
[SourceQuality "1"]
[WhiteTeam "Scotland"]
[BlackTeam "Albania"]
[WhiteTeamCountry "SCO"]
[BlackTeamCountry "ALB"]
[TimeControl "40/5400+30:1800+30"]

1. e4 c5 2. Nf3 d6 3. d4 cxd4 4. Nxd4 Nf6 5. Nc3 a6 6. h3 e5 7. Nde2 Be6 8. g4
h5 9. g5 Nfd7 10. Be3 Be7 11. Nd5 Nc6 12. Nec3 Rc8 13. h4 g6 14. Qd2 O-O 15.
O-O-O Re8 16. Nxe7+ Nxe7 17. Qxd6 Qa5 18. a3 Nc5 19. Bxc5 Rxc5 20. Bh3 Nc6 21.
Nd5 Bxd5 22. Rxd5 Rxd5 23. Qxd5 Qb6 24. Qd2 Nd4 25. Qe3 Qc7 26. c3 Rd8 27. Rd1
Nb3+ 28. Kc2 Rxd1 29. Kxd1 Qd6+ 30. Kc2 Na1+ 31. Kc1 Nb3+ 1/2-1/2